000 00306nam a22001337a 4500
008 170227b xxu||||| |||| 00| 0 eng d
020 _a2900072469058
041 _aeng
080 _24TH
_a577
100 _a5
101 _aSHMB
245 _aGENERAL, ORGANIC, AND BIOCHEMISTRY
_cDENNISTON
942 _2udc
_cBK
999 _c6348
_d6348